Online Catalogue and eLibrary

Madness and civilization : (Record no. 2891)

MARC details
000 -LEADER
fixed length control field 00445nam a2200157Ia 4500
005 - DATE AND TIME OF LATEST TRANSACTION
control field 20240606043643.0
008 - FIXED-LENGTH DATA ELEMENTS--GENERAL INFORMATION
fixed length control field 240331s9999 xx 000 0 und d
020 ## - INTERNATIONAL STANDARD BOOK NUMBER
ISBN 0415040183
082 ## - DDC Classification
Item Number - Author Mark FOU
Class No. 362
100 ## - MAIN ENTRY--PERSONAL NAME
Personal name Foucault, M
245 #0 - TITLE STATEMENT
Title Madness and civilization :
Remainder of title a history of insanity in the age of reason
260 ## - PUBLICATION, DISTRIBUTION, ETC.
Place of publication, distribution, etc. Great Britain
Name of publisher, distributor, etc. Tavistock Publications Limited
Date of publication, distribution, etc. 1967
300 ## - PHYSICAL DESCRIPTION
Extent (e.g. Volumes, Pages etc.) xiv,299 p.,
650 ## - SUBJECT ADDED ENTRY--TOPICAL TERM
Topical term or geographic name entry element Civilization
942 ## - Koha item type (Biblio)
Koha item type Books in Stacks (Lending)
Holdings
Lost status Damaged status Collection code Home library Current library Shelving location Date acquired Full call number Accession Number Item type
    Lending WERC Library WERC Library Social Science Cupboard 03/31/2024 362.2 FOU 2419 Books in Stacks (Lending)

© WERC Library